Israel after two years. (Record no. 90027)

MARC details
000 -LEADER
fixed length control field 00706cam a22002291 4500
001 - CONTROL NUMBER
control field sd 50000128
003 - CONTROL NUMBER IDENTIFIER
control field DLC
005 - DATE AND TIME OF LATEST TRANSACTION
control field 20260227112736.0
008 - FIXED-LENGTH DATA ELEMENTS--GENERAL INFORMATION
fixed length control field 941014s1950 nyub 000 0 eng c
010 ## - LIBRARY OF CONGRESS CONTROL NUMBER
LC control number sd 50000128
035 ## - SYSTEM CONTROL NUMBER
System control number (OCoLC)31281540
040 ## - CATALOGING SOURCE
Original cataloging agency U.S. Dept. of State Library
Transcribing agency IEN
Modifying agency IEN
-- DLC
042 ## - AUTHENTICATION CODE
Authentication code premarc
050 00 - LIBRARY OF CONGRESS CALL NUMBER
Classification number D410
Item number .F65 vol. 26, no. 5
100 1# - MAIN ENTRY--PERSONAL NAME
Personal name Norman, Edward A.,
Dates associated with a name 1900-
245 10 - TITLE STATEMENT
Title Israel after two years.
260 ## - PUBLICATION, DISTRIBUTION, ETC.
Place of publication, distribution, etc. New York,
Name of publisher, distributor, etc. Foreign Policy Association,
Date of publication, distribution, etc. 1950.
300 ## - PHYSICAL DESCRIPTION
Extent [42]-52 p.
Other physical details map.
Dimensions 27 cm.
440 #0 - SERIES STATEMENT/ADDED ENTRY--TITLE
Title Foreign policy reports,
Volume/sequential designation v. 26, no. 5
651 #0 - SUBJECT ADDED ENTRY--GEOGRAPHIC NAME
Geographic name Israel
General subdivision Economic conditions.
651 #0 - SUBJECT ADDED ENTRY--GEOGRAPHIC NAME
Geographic name Palestine
General subdivision Politics and government
Chronological subdivision 1948-

No items available.

Powered by Koha